000 01222nam a22002297a 4500
001 121356
008 230206s2020 xxk|||||o|||| 00| 0 eng d
041 _aeng
110 _aRoyal Institution of Chartered Surveyors
245 _aBeyond COVID-19: Inspections and visits for non-domestic properties
_c[Wales]
_h[Electronic resource]
_b[withdrawn]
260 _aLondon,
_bRoyal Institution of Chartered Surveyors,
_cAugust 2020
300 _a10p.
520 _aThe purpose of this guidance is to enable RICS professionals and RICS regulated firms to deliver services to clients safely, consistently and in line with Welsh government guidelines.
520 _aAll legal restrictions on Covid in the UK were lifted in March 2022 but advice was still to be sensible and follow good medical advice/common sense. RICS withdrew Covid guides at the same time.
650 _aCOVID
651 _aWales
690 _96225
_aBuilding surveying
690 _96244
_aHealth and safety
710 _aRoyal Institution of Chartered Surveyors
856 _uhttps://www.isurv.com/downloads/file/7877/beyond_covid-19_inspections_and_visits_for_non-domestic_properties_wales
_zArchived in isurv (subscription required)
942 _n0
999 _c121356
_d121356